Responses for show #7819 - Thursday, September 13, 2018

Kyle Jones game 2.

Contestants

Lauren Stripling, a teaching artist from New York, New York

Shawn Moore, a regional human resources manager from Miami, Florida

Kyle Jones, a music teacher from Aurora, Colorado (whose 1-day cash winnings total $28,401)

Jeopardy! Round responses

AT 35
(Alex: Just like our show.)
SAME FIRST & LAST LETTER
BAD FOLKS IN BOOKS
I GOT A FEVER
THE ONLY PRESCRIPTION
MORE COWBELL
    $200 11
(Kyle: Who is Kennedy?)
(Alex: Which one?)
(Kyle: [*].)

JFK

Kyle
    $200 6
a prenup

Lauren
    $200 14
Moriarty

Lauren
    $200 21
spring

Shawn
    $200 1
Will Ferrell

Shawn
    $400 12
Napoleon

Kyle
    $400 7
hopscotch

Kyle
    $400 15
Oliver Twist

Lauren
    $400 22
(John) Travolta

Kyle
    $400 2
the Rolling Stones

Lauren
    $600 13
a panda

Shawn
    $600 8
(Lauren: What is a restauranteur?)

restaurateur

KyleLauren
    $600 18
Winston Smith

Kyle
    $2,000 23
(Alex: Kyle?)
(Kyle: What is money fever?)

gold fever

Kyle
    $600 26
(Lauren: What is Xanax?)

Prozac

Lauren
Triple Stumper
    $600 3
the Beastie Boys

Kyle
    $800 16
Johnny Cash

Kyle
    $800 9
monotheism

Shawn
    $800 19
Rebecca

Lauren
    $800 24
(Alex: Less than a minute now.)

a Pringle

Triple Stumper
    $800 27
(Kyle: What is Ritalin?)

Adderall

KyleShawn
    $800 4
Creedence Clearwater Revival (or CCR)

Shawn
    $1000 17
Pollock

Lauren
    $1000 10
a trinket

Lauren
    $1000 20
the White Witch

Kyle
    $1000 25
cabin fever

Lauren
    $1000 28
shingles

Kyle
    $1000 5
Fleetwood Mac

Shawn

Scores at the first commercial break (after clue 15):

Kyle Shawn Lauren
$2,200 $3,400 $1,600

Scores at the end of the Jeopardy! Round:

Kyle Shawn Lauren
$3,200 $4,400 $3,800

Double Jeopardy! Round responses

ANCIENT BRO-MANS
PRINCIPLES
NOVEL ACTORS
CONTRACTIONS
ARTS & CULTURE
PLACE HOLDERS
    $400 5
Neptune

Lauren
    $400 10
gravity

Kyle
    $400 15
Steve Martin

Lauren
    $400 21
o'clock

Kyle
    $400 1
Hansel and Gretel

Lauren
    $400 26
Trafalgar Square

Lauren
    $800 6
(Kyle: What's the Colosseum?)

the Circus Maximus

KyleShawn
    $800 11
net neutrality

Shawn
    $800 16
Lauren Graham

Lauren
    $800 22
cap'n

Kyle
    $800 2
Impressionism

Kyle
    $800 27
Manhattan

Lauren
    $1200 7
a toga

Shawn
    $1200 12
Dilbert

Shawn
    $1200 17
Hugh Laurie

Kyle
    $4,000 23
(Alex: And we have less than a minute to go.)

ain't

Kyle
    $1200 3
the doge

Shawn
    $1200 28
[The end-of-round signal sounds.]

Milan

Kyle
    $1600 8
Caracalla

Triple Stumper
    $1600 13
Occam's razor

Shawn
    $1600 18
(Krysten) Ritter

Kyle
    $1600 24
(Shawn: What is you're?)
(Lauren: What is they're?)
[Lauren's response was originally ruled incorrect, then ruled correct before Final Jeopardy!]

who's (or they're)

ShawnLauren
    $1,600 4
(Shawn: What are the Rockies?)

Appalachian Spring

Shawn
    $2000 9
the Praetorian Guard

Shawn
    $2000 14
magic

Shawn
    $2000 20
(Gene) Wilder

Kyle
    $2000 25
coulda, woulda, shoulda

Kyle
    $2000 19
(Lauren: What is a marionette?)
(Alex: Marionette or [*], yeah.)
[Lauren's response was originally ruled correct, then ruled incorrect before the second Daily Double.]

doll

Lauren
Triple Stumper

Scores at the end of the Double Jeopardy! Round:

Kyle Shawn Lauren
$16,800 $12,000 $6,600

[wagering suggestions for these scores]

Final Jeopardy! Round responses

BEFORE THEY WERE PRESIDENT
(Alex: His most famous movie role was as a football player.)
...
(Alex: [To Kyle] The role was that of George Gipp, a football player for Notre Dame. The premiere was held in [*], where Notre Dame is located.)
LaurenWhat is Indianapolis?
$6,600
ShawnWhat Iwo Jima?
$8,000
KyleWhat is Dallas?
$7,201
South Bend, Indiana

Final scores:

Kyle Shawn Lauren
$9,599 $4,000 $0
2-day champion: $38,000 2nd place: $2,000 3rd place: $1,000

Game dynamics:

Coryat scores:

Kyle Shawn Lauren
$16,000 $13,600 $6,600
20 R
(including 1 DD),
3 W
(including 1 DD)
15 R,
2 W
(including 1 DD)
15 R,
3 W

Combined Coryat: $36,200

The J! Archive is created by fans, for fans. The Jeopardy! game show and all elements thereof, including but not limited to copyright and trademark thereto, are the property of Jeopardy Productions, Inc. and are protected under law. This website is not affiliated with, sponsored by, or operated by Jeopardy Productions, Inc. Join the discussion at JBoard.tv.